| 000 | 00950nam a2200277Ia 4500 | ||
|---|---|---|---|
| 003 | GCL | ||
| 008 | 140319s9999 xx 000 0 ara d | ||
| 020 | _a3916270977 | ||
| 040 |
_aGCL / _cGCL |
||
| 082 | 0 | 4 |
_aط _b590 _bد ل |
| 100 | 1 | _aزكريا القاضى | |
| 245 | 1 | 0 |
_aلمن هذه الذيول ؟ نظرة الى ذيول الحيوانات : لها حفيف 000 تتلوى 000 تهتز 000 لها خشخشة / _cزكريا القاضى |
| 700 | 1 | _aنورهان رشاد | |
| 700 | 1 | _aهول، بيج | |
| 700 | 1 | _aلاندمارك، كين | |
| 250 | _aالاولى | ||
| 260 |
_aالقاهرة : _bالدار المصرية اللبنانية ، _c2005 |
||
| 300 |
_a24 ص ؛ _c20 سم |
||
| 490 |
_aلمن هذه ؟ _v0 |
||
| 650 | 0 | 4 | _aالثقافة |
| 650 | 0 | 4 | _aالمعرفة |
| 650 | 0 | 4 | _aكتب الاطفال |
| 650 | 0 | 4 | _aالحيوانات - انواع |
| 650 | 0 | 4 | _aالذيول - انواع |
| 942 |
_2ddc _cBK |
||
| 999 |
_c9867 _d9867 |
||